| 000 | 00362nam a2200145Ia 4500 | ||
|---|---|---|---|
| 008 | 230312s9999||||xx |||||||||||||| ||und|| | ||
| 020 | _a0-619-00020-1 | ||
| 082 |
_a005.268 _bZAK-M |
||
| 100 | _aZak;Diane | ||
| 245 | 0 | _aMicrosoft Visual Basic for applications | |
| 260 |
_bCourse _aCanada _c2001 |
||
| 300 | _a984 | ||
| 650 |
_aComputer _vComputer |
||
| 942 | _cBK | ||
| 999 |
_c15580 _d15580 |
||